000 01987nam0a2200409 4500
001 RU\NLR\BIBL_A\022198985
005 20250625155212.0
010 _a978-5-907845-04-6
035 _a(NLR Aleph) 022198985
090 _a13037457
_c13037457
100 _a20240416d2024 |||y0rusy50 ca
101 0 _aeng
102 _aRU
105 _aac z 000yy
181 0 _ai3
_baxxe
182 0 _an
200 1 _aCharting the 2040: younger generation insight on the world in the making
_f[Candice Batier, Alexander Chekov, Lucy Cheng Ming Gu et al.]
_gedited by Andrey Sushentsov
_gValdai discussion club
203 _aТекст
_bвизуальный
_cнепосредственный
210 _aMoscow
_cFoundation for development and support of the Valdai discussion club
_d2024
215 _a28 с.
_cцв. ил., портр.
_d30
225 1 _aValdai discussion club report
300 _aАвт. указаны на 1-й с.
320 _aБиблиогр. в подстроч. примеч.
541 1 _aПорядок - 2040: взгляд молодого поколения на будущее мироустройство
606 1 _aМировая политика
_jЛекции, доклады и т.п
_xПрогнозирование
_92298880
_3RU\NLR\AUTH\6601603146
606 1 _aМеждународные отношения
_jЛекции, доклады и т.п
_xПолитологический аспект
_zкон. 20 - 21 вв.
_92407190
_3RU\NLR\AUTH\661434517
686 1 _aФ4(0)1
701 1 _aBatier
_bC.
_gCandice
701 1 _7ba
_8rus
_aČekov
_bA. D.
_gAleksandr Dmitrievič
_9254456
_3RU\NLR\AUTH\770254512
701 1 _aCheng Ming Gu
_bL.
_gLucy
702 1 _4340
_7ba
_8rus
_aSušencov
_bA. A.
_f1983-
_gAndrej Andreevič
_9133503
_3RU\NLR\AUTH\770133537
712 0 2 _4570
_7ba
_8eng
_aValdai discussion club
_9510143
_3RU\NLR\AUTH\880422683
942 _cBOOK
980 _aNB